|
|
|
|
| LEADER |
03142nam a22006135i 4500 |
| 001 |
978-3-540-78646-7 |
| 003 |
DE-He213 |
| 005 |
20151204184705.0 |
| 007 |
cr nn 008mamaa |
| 008 |
100301s2008 gw | s |||| 0|eng d |
| 020 |
|
|
|a 9783540786467
|9 978-3-540-78646-7
|
| 024 |
7 |
|
|a 10.1007/978-3-540-78646-7
|2 doi
|
| 040 |
|
|
|d GrThAP
|
| 050 |
|
4 |
|a QA76.9.D343
|
| 072 |
|
7 |
|a UNF
|2 bicssc
|
| 072 |
|
7 |
|a UYQE
|2 bicssc
|
| 072 |
|
7 |
|a COM021030
|2 bisacsh
|
| 082 |
0 |
4 |
|a 006.312
|2 23
|
| 245 |
1 |
0 |
|a Advances in Information Retrieval
|h [electronic resource] :
|b 30th European Conference on IR Research, ECIR 2008, Glasgow, UK, March 30-April 3, 2008. Proceedings /
|c edited by Craig Macdonald, Iadh Ounis, Vassilis Plachouras, Ian Ruthven, Ryen W. White.
|
| 264 |
|
1 |
|a Berlin, Heidelberg :
|b Springer Berlin Heidelberg,
|c 2008.
|
| 300 |
|
|
|a XXI, 722 p.
|b online resource.
|
| 336 |
|
|
|a text
|b txt
|2 rdacontent
|
| 337 |
|
|
|a computer
|b c
|2 rdamedia
|
| 338 |
|
|
|a online resource
|b cr
|2 rdacarrier
|
| 347 |
|
|
|a text file
|b PDF
|2 rda
|
| 490 |
1 |
|
|a Lecture Notes in Computer Science,
|x 0302-9743 ;
|v 4956
|
| 505 |
0 |
|
|a Invited Presentations -- Evaluation -- Web IR -- Social Media -- Cross-Lingual Information Retrieval -- Theory I -- Video -- Representation I -- Wikipedia and E-Books -- Expert Search -- Representation II -- Theory II -- Short Papers -- Posters -- Workshop Summaries -- Tutorials.
|
| 520 |
|
|
|a This book constitutes the refereed proceedings of the 30th annual European Conference on Information Retrieval Research, ECIR 2008, held in Glasgow, UK, in March/April 2008. The 33 revised full papers and 19 revised short papers presented together with the abstracts of 3 invited lectures and 32 poster papers were carefully reviewed and selected from 139 full article submissions. The papers are organized in topical sections on evaluation, Web IR, social media, cross-lingual information retrieval, theory, video, representation, wikipedia and e-books, as well as expert search.
|
| 650 |
|
0 |
|a Computer science.
|
| 650 |
|
0 |
|a Database management.
|
| 650 |
|
0 |
|a Data mining.
|
| 650 |
|
0 |
|a Information storage and retrieval.
|
| 650 |
|
0 |
|a Multimedia information systems.
|
| 650 |
|
0 |
|a Artificial intelligence.
|
| 650 |
1 |
4 |
|a Computer Science.
|
| 650 |
2 |
4 |
|a Data Mining and Knowledge Discovery.
|
| 650 |
2 |
4 |
|a Database Management.
|
| 650 |
2 |
4 |
|a Information Storage and Retrieval.
|
| 650 |
2 |
4 |
|a Artificial Intelligence (incl. Robotics).
|
| 650 |
2 |
4 |
|a Information Systems Applications (incl. Internet).
|
| 650 |
2 |
4 |
|a Multimedia Information Systems.
|
| 700 |
1 |
|
|a Macdonald, Craig.
|e editor.
|
| 700 |
1 |
|
|a Ounis, Iadh.
|e editor.
|
| 700 |
1 |
|
|a Plachouras, Vassilis.
|e editor.
|
| 700 |
1 |
|
|a Ruthven, Ian.
|e editor.
|
| 700 |
1 |
|
|a White, Ryen W.
|e editor.
|
| 710 |
2 |
|
|a SpringerLink (Online service)
|
| 773 |
0 |
|
|t Springer eBooks
|
| 776 |
0 |
8 |
|i Printed edition:
|z 9783540786450
|
| 830 |
|
0 |
|a Lecture Notes in Computer Science,
|x 0302-9743 ;
|v 4956
|
| 856 |
4 |
0 |
|u http://dx.doi.org/10.1007/978-3-540-78646-7
|z Full Text via HEAL-Link
|
| 912 |
|
|
|a ZDB-2-SCS
|
| 912 |
|
|
|a ZDB-2-LNC
|
| 950 |
|
|
|a Computer Science (Springer-11645)
|